000 00445nam a2200181Ia 4500
001 17006
005 20260306170353.0
008 260306t2003||||xx |||||||||||||| ||und||
041 _aESP
082 _a657.42
_bG83
100 _aGrupo Océano
_eAUT
245 0 _aContabilidad de gestión:
_bpresupuestaria y de costos
260 _c2003
300 _a992 páginas :
_c26 cm.
650 _aGEN
654 _aCCO
942 _cLIB
_dJUS
_fJUS
_2ddc
_n
999 _c17006
_d17006